|
|
|
|
| LEADER |
00000nab a2200000 a 4500 |
| 001 |
vtls010123048 |
| 003 |
SK-MaSNL |
| 005 |
20260305035410.0 |
| 008 |
100813c2009 xo r m 000 00cze |
| 015 |
|
|
|a SNBRA2010/08SVKPO
|
| 038 |
|
|
|a SVKPO
|
| 040 |
|
|
|a SVKPOCL
|c slo
|e AACR2
|
| 041 |
0 |
|
|a cze
|
| 044 |
|
|
|a xo
|c SK
|
| 080 |
|
|
|a 14(38)
|2 2001
|
| 080 |
|
|
|a 165.242.1
|2 2001
|
| 080 |
|
|
|a 101.8
|2 2001
|
| 080 |
|
|
|a 101-051
|2 2001
|
| 100 |
1 |
|
|a Jirsa, Jakub
|4 aut
|9 1617960
|
| 245 |
1 |
0 |
|a Duše a vědění - poznání sebe sama v dialozích Charmidés a Alkibiadés
|c Jakub Jirsa
|
| 500 |
|
|
|a Mgr. Jakub Jirsa, PhD. - Ústav filosofie a religionistiky FF UK Praha
|
| 504 |
|
|
|a Bibliogr. odkazy
|
| 546 |
|
|
|a Res. angl. s. 131
|
| 600 |
1 |
7 |
|a Platón,
|d 427 pred Kr.-347 pred Kr.
|t Charmidés
|2 svkpocl
|9 113795
|
| 600 |
1 |
7 |
|a Sokrates,
|d 469-399 pred Kr.
|t Alkibiadés
|2 svkpocl
|9 133755
|
| 650 |
0 |
7 |
|a klasická grécka filozofia
|2 svkpocl
|9 66922
|
| 650 |
0 |
7 |
|a sebapoznanie
|x filozofické aspekty
|2 svkpocl
|9 481241
|
| 773 |
0 |
|
|t Sokratika : sebapoznanie a starosť o seba / Vladislav Suvák (ed.)
|d Prešov : Filozofická fakulta Prešovskej univerzity, 2009
|g S. 38-56
|z 9788055500508
|
| 852 |
|
|
|a SVKPO
|b KIS3GCP
|
| 958 |
|
|
|a SK
|
| 958 |
|
|
|a NB
|
| 958 |
|
|
|a CZ
|
| 999 |
|
|
|c 3333623
|d 3335553
|